What Must Remain in the Church. (Record no. 7737)

MARC details
000 -LEADER
fixed length control field 00541nam a2200229 a 4500
020 ## - INTERNATIONAL STANDARD BOOK NUMBER
ISBN
082 00 - DEWEY DECIMAL CLASSIFICATION NUMBER
Classification number 262.7
Author Cutter KUN
100 ## - MAIN ENTRY--AUTHOR NAME
Author name Kung, Hans
245 ## - TITLE STATEMENT
Title What Must Remain in the Church.
260 ## - PUBLICATION, DISTRIBUTION, ETC. (IMPRINT)
Place of publication Glasgow
Name of publisher William Collins Sons
Year of publication 1977
300 ## - PHYSICAL DESCRIPTION
Number of Pages 32p
500 ## - GENERAL NOTE
General note includes index and biblioraphy
505 2# - FORMATTED CONTENTS NOTE
Formatted contents note Index
650 ## - SUBJECT ADDED ENTRY--TOPICAL TERM
Topical Term Church-Renewal
942 ## - ADDED ENTRY ELEMENTS (KOHA)
Koha item type Books
Holdings
Collection code Home library Current library Date acquired Cost, normal purchase price Full call number Accession Number Koha item type
  Henry Martyn Institute Library Henry Martyn Institute Library 07/11/2007 100.00 262.7 KUN 013507 Books
                   Copyright © 2026 | Henry Martyn Institute | Hyderabad | TS-500052 | INDIA | Implemented by hmi.edu.in
Hit-Count:

Powered by Koha